Unter den Sternen; (Record no. 6224)

MARC details
000 -LEADER
fixed length control field 00522cam a22002051 4500
001 - CONTROL NUMBER
control field af 48004816
003 - CONTROL NUMBER IDENTIFIER
control field DLC
005 - DATE AND TIME OF LATEST TRANSACTION
control field 20260227110910.0
008 - FIXED-LENGTH DATA ELEMENTS--GENERAL INFORMATION
fixed length control field 780519s1947 xx 000 1 ger
010 ## - LIBRARY OF CONGRESS CONTROL NUMBER
LC control number af 48004816
035 ## - SYSTEM CONTROL NUMBER
System control number (OCoLC)3908710
040 ## - CATALOGING SOURCE
Original cataloging agency DLC
Transcribing agency NAlU
Modifying agency DLC
042 ## - AUTHENTICATION CODE
Authentication code premarc
050 00 - LIBRARY OF CONGRESS CALL NUMBER
Classification number PT2647.A25
Item number U5
082 ## - DEWEY DECIMAL CLASSIFICATION NUMBER
Classification number 831.91
100 1# - MAIN ENTRY--PERSONAL NAME
Personal name Wäscher, Aribert,
Dates associated with a name 1895-
245 10 - TITLE STATEMENT
Title Unter den Sternen;
Remainder of title Gedichte.
260 ## - PUBLICATION, DISTRIBUTION, ETC.
Place of publication, distribution, etc. [Berlin-Schöneberg,
Name of publisher, distributor, etc. L. Blanvalet,
Date of publication, distribution, etc. 1947]
300 ## - PHYSICAL DESCRIPTION
Extent 49 p.
Dimensions 22 cm.

No items available.

Powered by Koha